00423nam a2200157Ia 4500008004100000040001900041041001200060082002200072100001900094245004200113260003200155300001900187650002000206651002300226850001600249131103s9999 xx 000 0 und d aLoreto College aEnglish aF/ORWbLCBED/9024 aOrwell, George aNineteen eighty - fourcGeorge Orwell aLondonbPenguin booksc1954 a268p. c 18cm. aEnglish fiction aEnglish literature aLCBED/F/ORW